000 01040nam a22001817a 4500
003 NUST
005 20220316191542.0
008 220316b ||||| |||| 00| 0 eng d
020 _a9780643108769
022 _29780643108769
038 _aSAIF
082 _2307.1216
_aSHE
245 _aEssentials of Urban Design/ Mark Sheppard
260 _6CSIRO
_aAustralia
_c2015
500 _aEssentials of Urban Design explains the fundamental concepts of urban design, providing the understanding and tools needed to achieve better design outcomes. It is equally useful for designing places and evaluating designs. Each chapter outlines the key steps in designing or assessing a different type of development. All common types of urban development are addressed, from infill buildings to whole urban growth areas, residential to employment uses, and centers to public transport interchanges. For each development type, widely accepted urban design principles are explained, and rules of thumb provided.
563 _aH.B
942 _2ddc
_cBK
999 _c588818
_d588818